| 000 | 00350nam a2200145Ia 4500 | ||
|---|---|---|---|
| 008 | 150201s2005 xx 000 0 und d | ||
| 082 |
_a618 _bR05G |
||
| 100 | _aDASGUPTA, S | ||
| 245 | _aRECENT ADVANCES IN OBSTETRICS | ||
| 250 | _a1ST | ||
| 260 |
_bJAYPEE BROTHERS _aDELHI _c2005 |
||
| 300 | _a1-134 | ||
| 650 | _aOBST & GYNAECOLOGY | ||
| 942 |
_2ddc _cBK |
||
| 999 |
_c178 _d178 |
||